000 00671nam a2200241Ia 4500
003 OSt
005 20220927105058.0
006 a|||||r|||| 00| 0
007 ta
008 220926b |||||||| |||| 00| 0 eng d
024 _a159472
037 _cReference Collections
040 _aRTL
_cRTL
_beng
041 _2eng
_aeng
082 _a"X71 m212, N50.N7, L5"
110 _aKERALA (Government of-)
_9356435
245 0 _aBudget in brief
260 _aKerala
_bGovt. of Kerala
_c1975
300 _a62p
_ccm.
700 _aKERALA (Government of-)
_9356437
942 _h"X71 m212, N50.N7, L5"
_cCC
999 _c690564
_d690564